| 000 | 01523cam a22004454a 4500 | ||
|---|---|---|---|
| 001 | muse2571 | ||
| 003 | MdBmJHUP | ||
| 005 | 20210127150905.0 | ||
| 006 | m o d | ||
| 007 | cr||||||||nn|n | ||
| 008 | 051107s2006 mdu o 00 0 eng d | ||
| 010 | _z 2005055244 | ||
| 020 | _a9780801889462 | ||
| 020 | _a0801889464 | ||
| 020 | _z0801883962 (alk. paper) | ||
| 020 | _z9780801883965 | ||
| 035 | _a(OCoLC)213306050 | ||
| 040 |
_aMdBmJHUP _cMdBmJHUP |
||
| 050 | 0 | 4 |
_aPN56.R7 _bC43 2006 |
| 082 | 0 |
_a809/.9145 _222 |
|
| 100 | 1 | _aChai, Leon. | |
| 245 | 1 | 0 |
_aRomantic Theory _bForms of Reflexivity in the Revolutionary Era / _cLeon Chai. |
| 264 | 1 | _bJohns Hopkins University Press, | |
| 264 | 3 | _bProject MUSE, | |
| 300 | _a1 online resource (xx, 283 p.) | ||
| 504 | _aIncludes bibliographical references (p. [263]-276) and index. | ||
| 506 | 0 |
_aOpen Access _fUnrestricted online access _2star |
|
| 588 | _aDescription based on print version record. | ||
| 650 | 0 | _aRomanticism. | |
| 655 | 7 |
_aElectronic books. _2local |
|
| 710 | 2 |
_aProject Muse. _edistributor |
|
| 830 | 0 | _aBook collections on Project MUSE. | |
| 856 | 4 | 0 |
_zFull text available: _uhttps://muse.jhu.edu/book/3276/ |
| 945 | _aProject MUSE - Archive Literature Foundation | ||
| 945 | _aProject MUSE - Archive Complete Foundation | ||
| 999 |
_c23852 _d23852 |
||